[Event "Summer Prague Open 2022 - A"]
[Site "Olympik hotel, Sokolovska 138, Praha"]
[Date "2022.08.05"]
[Round "1"]
[Board "17"]
[White "Dylag, Emilia"]
[Black "Sarkar, Justin"]
[Result "0-1"]
[WhiteElo "1954"]
[BlackElo "2352"]
[PlyCount "0"]
[EventDate "2022.08.05"]
[EventRounds "9"]
[EventCountry "CZE"]

1. d4 {[%clk 1:30:57]} Nf6 2. c4 e6 {[%clk 1:30:01]} 3. g3 {[%clk 1:31:32]} d5
{[%clk 1:27:20]} 4. Bg2 {[%clk 1:31:45]} dxc4 {[%clk 1:27:05]} 5. Nf3
{[%clk 1:29:58]} Bb4+ {[%clk 1:26:57]} 6. Nbd2 {[%clk 1:29:32]} b5
{[%clk 1:25:19]} 7. O-O {[%clk 1:28:57]} O-O {[%clk 1:23:19]} 8. b3
{[%clk 1:20:50]} c3 {[%clk 1:06:55]} 9. Nb1 {[%clk 1:21:11]} Bb7 {[%clk 1:06:32]}
10. a3 {[%clk 1:18:36]} Be4 {[%clk 1:03:45]} 11. Ne1 {[%clk 1:18:15]} Bxg2
{[%clk 1:03:08]} 12. Kxg2 {[%clk 1:11:02]} Ba5 {[%clk 1:02:09]} 13. b4
{[%clk 1:08:49]} Bb6 {[%clk 1:02:31]} 14. e3 {[%clk 0:57:39]} a5 {[%clk 0:51:55]}
15. Qf3 {[%clk 0:42:58]} Qd5 {[%clk 0:46:16]} 16. Nxc3 {[%clk 0:38:53]} Qxf3+
{[%clk 0:46:26]} 17. Nxf3 {[%clk 0:38:02]} axb4 {[%clk 0:46:46]} 18. Nxb5
{[%clk 0:33:49]} Rd8 {[%clk 0:44:07]} 19. Rb1 {[%clk 0:30:44]} c6
{[%clk 0:29:11]} 20. Nc3 {[%clk 0:30:39]} bxc3 {[%clk 0:28:24]} 21. Rxb6
{[%clk 0:30:54]} c5 {[%clk 0:27:58]} 22. dxc5 {[%clk 0:27:18]} Nbd7
{[%clk 0:24:14]} 23. Rb3 {[%clk 0:25:07]} Ne4 {[%clk 0:18:44]} 24. c6
{[%clk 0:24:31]} Ndc5 {[%clk 0:18:56]} 25. Rb4 {[%clk 0:23:45]} Rdc8
{[%clk 0:13:24]} 26. Nd4 {[%clk 0:20:04]} e5 {[%clk 0:12:41]} 27. Nf5
{[%clk 0:17:54]} Kf8 {[%clk 0:12:37]} 28. f3 {[%clk 0:13:29]} Nd2
{[%clk 0:10:15]} 29. Bxd2 {[%clk 0:12:10]} cxd2 {[%clk 0:10:42]} 30. Rd1
{[%clk 0:11:50]} g6 {[%clk 0:10:30]} 31. Nd6 {[%clk 0:11:35]} Rxc6
{[%clk 0:10:48]} 32. Rxd2 {[%clk 0:11:46]} Rxa3 {[%clk 0:06:13]} 33. Rb8+
{[%clk 0:05:09]} Ke7 {[%clk 0:03:49]} 34. Nc4 {[%clk 0:03:40]} Rd3
{[%clk 0:03:51]} 35. Rbb2 {[%clk 0:00:55]} Rxd2+ {[%clk 0:01:49]} 36. Rxd2
{[%clk 0:00:58]} e4 {[%clk 0:01:59]} 37. fxe4 {[%clk 0:00:44]} Nxe4
{[%clk 0:02:13]} 38. Rd4 {[%clk 0:01:07]} f5 {[%clk 0:02:22]} 39. g4
{[%clk 0:01:07]} Ra6 {[%clk 0:02:02]} 40. gxf5 {[%clk 0:01:12]} Ra2+
{[%clk 0:01:58]} 41. Kh3 {[%clk 0:27:03]} gxf5 {[%clk 0:32:06]} 42. Nb6
{[%clk 0:26:03]} Kf6 {[%clk 0:23:32]} 43. Nd7+ {[%clk 0:20:56]} Kg5
{[%clk 0:22:08]} 44. Nf8 {[%clk 0:19:00]} h5 {[%clk 0:17:34]} 45. Ne6+
{[%clk 0:17:09]} Kf6 {[%clk 0:16:15]} 46. Nf4 {[%clk 0:13:40]} Ng5+
{[%clk 0:15:46]} 47. Kg3 {[%clk 0:13:54]} h4+ {[%clk 0:16:03]} 48. Kxh4
{[%clk 0:14:20]} Nf3+ {[%clk 0:16:22]} 49. Kg3 {[%clk 0:14:43]} Nxd4
{[%clk 0:16:45]} 50. exd4 {[%clk 0:15:09]} Rd2 {[%clk 0:14:21]} 51. d5
{[%clk 0:15:29]} Ke5 {[%clk 0:11:17]} 52. h4 {[%clk 0:15:43]} Rd4
{[%clk 0:10:21]} 53. Ne2 {[%clk 0:15:23]} Rd3+ {[%clk 0:10:14]} 54. Kg2
{[%clk 0:15:34]} Rxd5 {[%clk 0:10:36]}  0-1

[Event "Summer Prague Open 2022 - A"]
[Site "Olympik hotel, Sokolovska 138, Praha"]
[Date "2022.08.05"]
[Round "1"]
[Board "18"]
[White "Ranaldi, Lucas"]
[Black "Kusina, Jan"]
[Result "1-0"]
[WhiteElo "2339"]
[BlackElo "1954"]
[PlyCount "0"]
[EventDate "2022.08.05"]
[EventRounds "9"]
[EventCountry "CZE"]

1. c4 {[%clk 1:30:56]} c5 {[%clk 1:30:34]} 2. Nf3 {[%clk 1:31:02]} Nf6
{[%clk 1:30:51]} 3. Nc3 {[%clk 1:30:34]} Nc6 {[%clk 1:31:02]} 4. g3
{[%clk 1:30:55]} g6 {[%clk 1:31:03]} 5. Bg2 {[%clk 1:31:17]} Bg7 {[%clk 1:31:25]}
6. O-O {[%clk 1:31:35]} O-O {[%clk 1:31:47]} 7. d4 {[%clk 1:31:49]} cxd4
{[%clk 1:31:33]} 8. Nxd4 {[%clk 1:32:09]} Nxd4 {[%clk 1:31:35]} 9. Qxd4
{[%clk 1:32:31]} d6 {[%clk 1:31:52]} 10. Qd3 {[%clk 1:32:42]} a6 {[%clk 1:31:13]}
11. Rd1 {[%clk 1:29:55]} Qa5 {[%clk 1:22:11]} 12. Bd2 {[%clk 1:27:26]} Qh5
{[%clk 1:18:28]} 13. Bf3 {[%clk 1:16:23]} Bf5 {[%clk 1:00:51]} 14. Bxh5
{[%clk 0:58:02]} Bxd3 {[%clk 1:01:09]} 15. exd3 {[%clk 0:57:25]} Nxh5
{[%clk 0:59:58]} 16. Re1 {[%clk 0:41:30]} e6 {[%clk 0:55:31]} 17. Ne4
{[%clk 0:41:35]} Rfd8 {[%clk 0:51:06]} 18. g4 {[%clk 0:18:21]} Nf6
{[%clk 0:38:54]} 19. Bg5 {[%clk 0:08:42]} Nxe4 {[%clk 0:39:01]} 20. Bxd8
{[%clk 0:09:07]} Nc5 {[%clk 0:39:11]} 21. Bb6 {[%clk 0:08:27]} Nxd3
{[%clk 0:39:03]} 22. Re4 {[%clk 0:08:29]} Rc8 {[%clk 0:33:56]} 23. Rd1
{[%clk 0:02:53]} Nxb2 {[%clk 0:30:38]} 24. Rxd6 {[%clk 0:03:07]} Nxc4
{[%clk 0:29:53]} 25. Rd8+ {[%clk 0:03:23]} Rxd8 {[%clk 0:30:04]} 26. Bxd8
{[%clk 0:03:50]} b5 {[%clk 0:29:58]} 27. Kg2 {[%clk 0:03:26]} Kf8
{[%clk 0:27:01]} 28. Re1 {[%clk 0:01:33]} Be5 {[%clk 0:15:42]} 29. Bg5
{[%clk 0:01:27]} f6 {[%clk 0:14:31]} 30. Bc1 {[%clk 0:01:30]} Kf7
{[%clk 0:14:44]} 31. Rd1 {[%clk 0:01:14]} Ke7 {[%clk 0:13:16]} 32. Rd3
{[%clk 0:01:27]} Bd6 {[%clk 0:13:08]} 33. Rh3 {[%clk 0:01:35]} Be5
{[%clk 0:08:28]} 34. Rxh7+ {[%clk 0:01:49]} Kd6 {[%clk 0:08:57]} 35. h4
{[%clk 0:01:44]} b4 {[%clk 0:09:12]} 36. Ra7 {[%clk 0:01:25]} a5 {[%clk 0:09:38]}
37. h5 {[%clk 0:01:28]} gxh5 {[%clk 0:09:59]} 38. gxh5 {[%clk 0:01:51]} f5
{[%clk 0:09:44]} 39. h6 {[%clk 0:02:10]} Kc5 {[%clk 0:09:40]} 40. h7
{[%clk 0:02:07]} Kb5 {[%clk 0:09:49]} 41. Ra8 {[%clk 0:01:43]}  1-0

[Event "Summer Prague Open 2022 - A"]
[Site "Olympik hotel, Sokolovska 138, Praha"]
[Date "2022.08.05"]
[Round "1"]
[Board "19"]
[White "Lehocz, Jozsef"]
[Black "Risting, Eivind Olav"]
[Result "0-1"]
[WhiteElo "1954"]
[BlackElo "2325"]
[PlyCount "0"]
[EventDate "2022.08.05"]
[EventRounds "9"]
[EventCountry "CZE"]

1. c3 {[%clk 1:30:59]} Nf6 {[%clk 1:29:35]} 2. d3 {[%clk 1:31:23]} d5
{[%clk 1:29:25]} 3. Qc2 {[%clk 1:31:49]} g6 {[%clk 1:28:27]} 4. e4
{[%clk 1:32:11]} Bg7 {[%clk 1:28:04]} 5. Bg5 {[%clk 1:31:57]} O-O
{[%clk 1:26:39]} 6. Nd2 {[%clk 1:32:17]} c5 {[%clk 1:26:29]} 7. Be2
{[%clk 1:31:09]} Nc6 {[%clk 1:25:19]} 8. Ngf3 {[%clk 1:29:27]} b6
{[%clk 1:16:22]} 9. O-O {[%clk 1:25:53]} h6 {[%clk 1:12:40]} 10. Bh4
{[%clk 1:26:03]} Re8 {[%clk 1:09:14]} 11. Rfe1 {[%clk 1:15:10]} Bb7
{[%clk 1:05:52]} 12. e5 {[%clk 1:06:21]} Nh5 {[%clk 1:01:33]} 13. d4
{[%clk 1:06:06]} Nf4 {[%clk 0:56:04]} 14. Bb5 {[%clk 0:59:17]} Ne6
{[%clk 0:48:48]} 15. Nb3 {[%clk 0:51:31]} a6 {[%clk 0:47:47]} 16. Bf1
{[%clk 0:46:55]} a5 {[%clk 0:40:13]} 17. dxc5 {[%clk 0:33:58]} bxc5
{[%clk 0:40:24]} 18. a4 {[%clk 0:33:40]} Qb6 {[%clk 0:32:16]} 19. Rad1
{[%clk 0:31:49]} Red8 {[%clk 0:29:04]} 20. Bb5 {[%clk 0:31:54]} Rab8
{[%clk 0:27:14]} 21. Nc1 {[%clk 0:29:11]} Qc7 {[%clk 0:25:03]} 22. Bg3
{[%clk 0:28:07]} Ba8 {[%clk 0:20:42]} 23. b3 {[%clk 0:27:01]} Qb6
{[%clk 0:16:37]} 24. h3 {[%clk 0:21:55]} Rbc8 {[%clk 0:16:33]} 25. Nh4
{[%clk 0:19:19]} Nf8 {[%clk 0:14:49]} 26. Kh2 {[%clk 0:16:45]} e6
{[%clk 0:14:42]} 27. f4 {[%clk 0:16:40]} d4 {[%clk 0:14:53]} 28. Nd3
{[%clk 0:12:37]} dxc3 {[%clk 0:14:55]} 29. Qxc3 {[%clk 0:12:55]} Nd4
{[%clk 0:15:10]} 30. Bc4 {[%clk 0:13:06]} g5 {[%clk 0:15:09]} 31. Nf3
{[%clk 0:11:09]} Bxf3 {[%clk 0:15:25]} 32. gxf3 {[%clk 0:11:38]} Nxf3+
{[%clk 0:15:39]} 33. Kg2 {[%clk 0:12:07]} Nxe1+ {[%clk 0:14:55]} 34. Rxe1
{[%clk 0:11:52]} Ng6 {[%clk 0:14:58]} 35. fxg5 {[%clk 0:10:46]} hxg5
{[%clk 0:14:34]} 36. Qc1 {[%clk 0:10:56]} Qb7+ {[%clk 0:14:07]} 37. Kf2
{[%clk 0:09:30]} Bh6 {[%clk 0:10:33]} 38. h4 {[%clk 0:08:44]} Qe7
{[%clk 0:10:13]} 39. Rh1 {[%clk 0:03:56]} Rd4 {[%clk 0:09:28]} 40. h5
{[%clk 0:01:53]} Nf8 {[%clk 0:01:51]} 41. Qe3 {[%clk 0:26:07]} Nd7
{[%clk 0:30:34]} 42. Kg2 {[%clk 0:23:47]} Nb6 {[%clk 0:30:09]} 43. Ba6
{[%clk 0:17:15]} Rcd8 {[%clk 0:29:06]} 44. Nf2 {[%clk 0:10:50]} Nd5
{[%clk 0:28:28]} 45. Qf3 {[%clk 0:09:18]} Qa7 {[%clk 0:21:10]} 46. Bc4
{[%clk 0:05:51]} Nf4+ {[%clk 0:21:06]} 47. Kh2 {[%clk 0:05:52]} Qa8
{[%clk 0:19:23]} 48. Qxa8 {[%clk 0:06:18]} Rxa8 {[%clk 0:19:51]} 49. Rg1
{[%clk 0:06:07]} Nxh5 {[%clk 0:19:51]}  0-1

[Event "Summer Prague Open 2022 - A"]
[Site "Olympik hotel, Sokolovska 138, Praha"]
[Date "2022.08.05"]
[Round "1"]
[Board "20"]
[White "Hansch, Karsten"]
[Black "Lye, Sigurd"]
[Result "1/2-1/2"]
[WhiteElo "2320"]
[BlackElo "1952"]
[PlyCount "0"]
[EventDate "2022.08.05"]
[EventRounds "9"]
[EventCountry "CZE"]

1. e4 {[%clk 1:30:58]} c5 {[%clk 1:30:56]} 2. Nf3 {[%clk 1:31:22]} Nc6
{[%clk 1:31:21]} 3. Bc4 {[%clk 1:31:48]} e6 {[%clk 1:28:23]} 4. O-O
{[%clk 1:31:53]} Nf6 {[%clk 1:24:59]} 5. Re1 {[%clk 1:29:30]} d5 {[%clk 1:19:30]}
6. exd5 {[%clk 1:28:02]} Nxd5 {[%clk 1:19:54]} 7. d4 {[%clk 1:28:28]} cxd4
{[%clk 1:05:06]} 8. Nxd4 {[%clk 1:28:10]} Bc5 {[%clk 1:01:04]} 9. Nb3
{[%clk 1:09:41]} Be7 {[%clk 0:47:55]} 10. Bxd5 {[%clk 1:07:50]} Qxd5
{[%clk 0:47:36]} 11. Qxd5 {[%clk 1:07:35]} exd5 {[%clk 0:48:00]} 12. Be3
{[%clk 1:07:35]} Be6 {[%clk 0:44:42]} 13. Bc5 {[%clk 1:03:05]} Bf6
{[%clk 0:43:14]} 14. c3 {[%clk 1:03:24]} O-O-O {[%clk 0:43:13]} 15. Rd1
{[%clk 1:01:40]} d4 {[%clk 0:34:29]} 16. Nxd4 {[%clk 1:02:01]} b6
{[%clk 0:32:04]} 17. Na3 {[%clk 1:02:21]} bxc5 {[%clk 0:25:56]} 18. Nxc6
{[%clk 1:01:45]} Rxd1+ {[%clk 0:25:14]} 19. Rxd1 {[%clk 1:01:30]} a6
{[%clk 0:23:45]} 20. Ra1 {[%clk 1:01:02]} Kc7 {[%clk 0:22:34]} 21. Na5
{[%clk 1:01:25]} Rd8 {[%clk 0:20:22]} 22. N5c4 {[%clk 1:01:36]} Rd3
{[%clk 0:19:09]} 23. Ne3 {[%clk 0:58:59]} Bg5 {[%clk 0:16:47]} 24. Nf1
{[%clk 0:58:39]} Kc6 {[%clk 0:15:15]} 25. f3 {[%clk 0:57:23]} Rd8
{[%clk 0:14:05]} 26. b3 {[%clk 0:53:25]} Bf6 {[%clk 0:11:58]} 27. Rc1
{[%clk 0:53:48]} Rd3 {[%clk 0:12:21]} 28. Nb1 {[%clk 0:53:20]} Bg5
{[%clk 0:10:35]} 29. Re1 {[%clk 0:52:29]} c4 {[%clk 0:10:05]} 30. b4
{[%clk 0:48:28]} Bf6 {[%clk 0:10:22]} 31. Rc1 {[%clk 0:48:37]} Bg5
{[%clk 0:10:32]} 32. Re1 {[%clk 0:48:20]} Bf6 {[%clk 0:10:56]} 33. Rc1  1/2-1/2

[Event "Summer Prague Open 2022 - A"]
[Site "Olympik hotel, Sokolovska 138, Praha"]
[Date "2022.08.05"]
[Round "1"]
[Board "21"]
[White "Tesar, Jan"]
[Black "Kulhanek, Tomas"]
[Result "0-1"]
[WhiteElo "1952"]
[BlackElo "2319"]
[PlyCount "0"]
[EventDate "2022.08.05"]
[EventRounds "9"]
[EventCountry "CZE"]

1. d4 {[%clk 1:30:30]} Nf6 {[%clk 1:16:53]} 2. Nf3 {[%clk 1:30:48]} e6
{[%clk 1:17:09]} 3. e3 {[%clk 1:31:11]} b6 {[%clk 1:16:34]} 4. Bd3
{[%clk 1:31:34]} Bb7 {[%clk 1:17:00]} 5. O-O {[%clk 1:31:53]} d6 {[%clk 1:15:50]}
6. b3 {[%clk 1:31:02]} g6 {[%clk 1:14:40]} 7. Bb2 {[%clk 1:30:51]} Bg7
{[%clk 1:15:04]} 8. Nbd2 {[%clk 1:30:32]} O-O {[%clk 1:14:42]} 9. Qe2
{[%clk 1:29:54]} a5 {[%clk 1:14:00]} 10. Rad1 {[%clk 1:26:35]} a4
{[%clk 1:13:11]} 11. b4 {[%clk 1:24:54]} a3 {[%clk 1:08:54]} 12. Bc1
{[%clk 1:25:06]} Nd5 {[%clk 1:05:52]} 13. Nb1 {[%clk 1:21:56]} Nxb4
{[%clk 1:06:05]} 14. Bc4 {[%clk 1:19:53]} d5 {[%clk 0:48:01]} 15. Bb3
{[%clk 1:17:20]} Ba6 {[%clk 0:44:56]} 16. c4 {[%clk 1:17:39]} N4c6
{[%clk 0:43:57]} 17. Nxa3 {[%clk 1:13:45]} Na5 {[%clk 0:43:43]} 18. Qc2
{[%clk 1:13:16]} Nbc6 {[%clk 0:40:20]} 19. Rfe1 {[%clk 1:09:05]} dxc4
{[%clk 0:36:19]} 20. Nxc4 {[%clk 1:06:58]} Nxc4 {[%clk 0:28:35]} 21. Bxc4
{[%clk 1:07:18]} Bxc4 {[%clk 0:28:57]} 22. Qxc4 {[%clk 1:07:36]} Qd5
{[%clk 0:29:08]} 23. Qxd5 {[%clk 1:02:06]} exd5 {[%clk 0:29:30]} 24. Re2
{[%clk 1:02:18]} Na5 {[%clk 0:28:58]} 25. Rc2 {[%clk 0:49:33]} c6
{[%clk 0:27:17]} 26. Bd2 {[%clk 0:47:24]} Nc4 {[%clk 0:27:34]} 27. Bb4
{[%clk 0:47:19]} Rfe8 {[%clk 0:26:15]} 28. Nd2 {[%clk 0:45:12]} Ra4
{[%clk 0:26:09]} 29. Nxc4 {[%clk 0:39:08]} dxc4 {[%clk 0:26:37]} 30. a3
{[%clk 0:38:11]} b5 {[%clk 0:27:02]} 31. d5 {[%clk 0:33:58]} Rd8 {[%clk 0:27:23]}
32. d6 {[%clk 0:31:25]} f5 {[%clk 0:25:14]} 33. Re2 {[%clk 0:26:54]} Kf7
{[%clk 0:23:53]} 34. e4 {[%clk 0:26:23]} f4 {[%clk 0:21:19]} 35. g3
{[%clk 0:24:50]} f3 {[%clk 0:11:51]} 36. Re3 {[%clk 0:24:38]} Be5
{[%clk 0:10:32]} 37. Rxf3+ {[%clk 0:22:21]} Ke6 {[%clk 0:10:12]} 38. Re3
{[%clk 0:20:23]} Bxd6 {[%clk 0:05:23]} 39. g4 {[%clk 0:16:23]} Bxh2+
{[%clk 0:04:31]} 40. Kxh2 {[%clk 0:16:34]} Rxd1 {[%clk 0:04:55]} 41. f4
{[%clk 0:16:12]} Rd3 {[%clk 0:03:55]} 42. f5+ {[%clk 0:15:06]} Ke5
{[%clk 0:02:44]} 43. Re2 {[%clk 0:15:16]} c5 {[%clk 0:01:34]} 44. Bxc5
{[%clk 0:15:19]} c3 {[%clk 0:01:55]} 45. Bb4 {[%clk 0:12:27]} Rxb4
{[%clk 0:01:39]}  0-1

[Event "Summer Prague Open 2022 - A"]
[Site "Olympik hotel, Sokolovska 138, Praha"]
[Date "2022.08.05"]
[Round "1"]
[Board "22"]
[White "Kueppers, Timo"]
[Black "Bystrickiy, Daniil"]
[Result "0-1"]
[WhiteElo "2314"]
[BlackElo "1951"]
[PlyCount "0"]
[EventDate "2022.08.05"]
[EventRounds "9"]
[EventCountry "CZE"]

1. c4 {[%clk 1:30:56]} Nf6 {[%clk 1:30:55]} 2. Nc3 {[%clk 1:31:11]} c5
{[%clk 1:31:23]} 3. g3 {[%clk 1:31:05]} d5 {[%clk 1:31:29]} 4. cxd5
{[%clk 1:31:31]} Nxd5 {[%clk 1:31:56]} 5. Bg2 {[%clk 1:31:58]} Nc7
{[%clk 1:31:40]} 6. Nf3 {[%clk 1:31:33]} Nc6 {[%clk 1:32:03]} 7. a3
{[%clk 1:31:45]} g6 {[%clk 1:31:54]} 8. h4 {[%clk 1:32:11]} h5 {[%clk 1:26:48]}
9. Rb1 {[%clk 1:29:07]} Bf5 {[%clk 1:20:18]} 10. d3 {[%clk 1:28:56]} Bg7
{[%clk 1:20:32]} 11. Ng5 {[%clk 1:21:46]} c4 {[%clk 1:06:36]} 12. e4
{[%clk 1:12:14]} Bg4 {[%clk 1:06:35]} 13. f3 {[%clk 1:12:03]} Qd6
{[%clk 0:56:09]} 14. Bf4 {[%clk 1:04:21]} e5 {[%clk 0:54:25]} 15. Be3
{[%clk 1:02:24]} Be6 {[%clk 0:54:05]} 16. Nxe6 {[%clk 1:02:47]} Qxe6
{[%clk 0:54:28]} 17. Bh3 {[%clk 1:02:59]} f5 {[%clk 0:52:00]} 18. dxc4
{[%clk 0:46:10]} Qxc4 {[%clk 0:50:33]} 19. Rc1 {[%clk 0:26:49]} Qf7
{[%clk 0:50:40]} 20. Nd5 {[%clk 0:21:19]} O-O-O {[%clk 0:45:40]} 21. exf5
{[%clk 0:13:07]} Kb8 {[%clk 0:38:11]} 22. Rxc6 {[%clk 0:11:08]} Nxd5
{[%clk 0:33:54]} 23. Qb3 {[%clk 0:07:52]} Qd7 {[%clk 0:32:55]} 24. Rc1
{[%clk 0:06:57]} Nxe3 {[%clk 0:33:12]} 25. Qxe3 {[%clk 0:06:57]} Bh6
{[%clk 0:33:33]} 26. Qxe5+ {[%clk 0:05:21]} Ka8 {[%clk 0:34:01]} 27. O-O
{[%clk 0:05:33]} Rhe8 {[%clk 0:31:57]} 28. Qf6 {[%clk 0:04:02]} Bxc1
{[%clk 0:32:08]} 29. Rxc1 {[%clk 0:04:29]} Qd2 {[%clk 0:32:17]} 30. Rf1
{[%clk 0:04:23]} gxf5 {[%clk 0:32:14]} 31. Qxf5 {[%clk 0:02:52]} Qe3+
{[%clk 0:30:42]} 32. Kh2 {[%clk 0:01:35]} Qe2+ {[%clk 0:30:56]} 33. Bg2
{[%clk 0:02:01]} Rd2 {[%clk 0:31:00]} 34. Rg1 {[%clk 0:02:30]} Qf2
{[%clk 0:29:34]} 35. Qxh5 {[%clk 0:02:42]} Rg8 {[%clk 0:29:56]} 36. Qe5
{[%clk 0:02:05]} Rxb2 {[%clk 0:28:59]} 37. h5 {[%clk 0:01:31]} Rb5
{[%clk 0:29:24]} 38. Rf1 {[%clk 0:00:50]} Qxf1 {[%clk 0:28:48]} 39. Bxf1
{[%clk 0:01:14]} Rxe5 {[%clk 0:29:15]} 40. g4 {[%clk 0:01:39]} Re3
{[%clk 0:29:11]} 41. Kg3 {[%clk 0:02:04]} Rxa3 {[%clk 0:29:18]} 42. Bc4
{[%clk 0:01:37]} Rf8 {[%clk 0:28:16]} 43. Bd5 {[%clk 0:02:04]} Ra1
{[%clk 0:27:26]} 44. f4 {[%clk 0:01:05]} Rg1+ {[%clk 0:23:06]} 45. Bg2
{[%clk 0:01:02]} a5 {[%clk 0:23:24]} 46. Kf2 {[%clk 0:27:34]} Rxg2+
{[%clk 0:53:42]}  0-1

[Event "Summer Prague Open 2022 - A"]
[Site "Olympik hotel, Sokolovska 138, Praha"]
[Date "2022.08.05"]
[Round "1"]
[Board "23"]
[White "Fiskaaen, Martin Holten"]
[Black "Guz, Ari"]
[Result "1-0"]
[WhiteElo "1950"]
[BlackElo "2308"]
[PlyCount "0"]
[EventDate "2022.08.05"]
[EventRounds "9"]
[EventCountry "CZE"]

1. d4 {[%clk 1:30:54]} Nf6 {[%clk 1:29:52]} 2. c4 {[%clk 1:31:11]} e6
{[%clk 1:30:12]} 3. Nf3 {[%clk 1:31:21]} d5 {[%clk 1:30:30]} 4. Nc3
{[%clk 1:31:14]} Nbd7 {[%clk 1:30:10]} 5. Bf4 {[%clk 1:26:35]} dxc4
{[%clk 1:30:15]} 6. e3 {[%clk 1:05:39]} b5 {[%clk 1:27:59]} 7. Nxb5
{[%clk 0:56:53]} Bb4+ {[%clk 1:28:23]} 8. Nc3 {[%clk 0:52:31]} Nd5
{[%clk 1:28:47]} 9. Rc1 {[%clk 0:44:38]} Bxc3+ {[%clk 1:25:52]} 10. bxc3
{[%clk 0:44:55]} Nxf4 {[%clk 1:26:19]} 11. exf4 {[%clk 0:45:05]} Qf6
{[%clk 1:23:58]} 12. g3 {[%clk 0:35:44]} O-O {[%clk 1:22:39]} 13. Bxc4
{[%clk 0:32:37]} Bb7 {[%clk 1:21:41]} 14. O-O {[%clk 0:31:27]} Nb6
{[%clk 1:21:04]} 15. Bd3 {[%clk 0:27:20]} Rfd8 {[%clk 1:15:12]} 16. Qe2
{[%clk 0:27:10]} Rac8 {[%clk 1:09:35]} 17. Ng5 {[%clk 0:24:10]} g6
{[%clk 1:09:41]} 18. Be4 {[%clk 0:21:00]} Bd5 {[%clk 1:09:33]} 19. Bxd5
{[%clk 0:20:37]} exd5 {[%clk 1:09:54]} 20. Rfe1 {[%clk 0:18:09]} c5
{[%clk 1:06:23]} 21. Nf3 {[%clk 0:16:10]} Nc4 {[%clk 1:02:36]} 22. Qe7
{[%clk 0:09:28]} Qc6 {[%clk 0:58:48]} 23. Ne5 {[%clk 0:08:28]} Nxe5
{[%clk 0:58:52]} 24. fxe5 {[%clk 0:08:30]} Rd7 {[%clk 0:57:13]} 25. Qg5
{[%clk 0:08:37]} Re8 {[%clk 0:57:08]} 26. h4 {[%clk 0:07:23]} Rde7
{[%clk 0:56:20]} 27. Qd2 {[%clk 0:05:36]} Re6 {[%clk 0:55:03]} 28. Kg2
{[%clk 0:04:35]} Rb8 {[%clk 0:54:40]} 29. Rb1 {[%clk 0:03:45]} Rc8
{[%clk 0:53:44]} 30. Rbc1 {[%clk 0:03:45]} Rb8 {[%clk 0:52:01]} 31. Rb1
{[%clk 0:04:09]} Rc8 {[%clk 0:52:23]} 32. Rb2 {[%clk 0:02:57]} Rce8
{[%clk 0:52:08]} 33. f4 {[%clk 0:02:23]} cxd4 {[%clk 0:52:22]} 34. cxd4
{[%clk 0:02:39]} Qa4 {[%clk 0:52:40]} 35. Qb4 {[%clk 0:02:00]} Qxb4
{[%clk 0:46:37]} 36. Rxb4 {[%clk 0:02:29]} Ra6 {[%clk 0:45:45]} 37. Re2
{[%clk 0:02:33]} Rc8 {[%clk 0:45:54]} 38. Rb5 {[%clk 0:02:15]} Ra3
{[%clk 0:46:14]} 39. Kh2 {[%clk 0:01:24]} Rd8 {[%clk 0:45:55]} 40. Reb2
{[%clk 0:01:11]} Rd3 {[%clk 0:42:41]} 41. Rb7 {[%clk 0:12:56]} Rxd4
{[%clk 1:09:25]} 42. Rxa7 {[%clk 0:12:33]} Rc8 {[%clk 1:09:43]} 43. e6
{[%clk 0:05:17]} fxe6 {[%clk 1:07:02]} 44. Rbb7 {[%clk 0:05:33]} h5
{[%clk 1:06:26]} 45. Rg7+ {[%clk 0:05:23]} Kf8 {[%clk 1:06:45]} 46. Rh7
{[%clk 0:03:40]} Rc2+ {[%clk 1:06:19]} 47. Kh3 {[%clk 0:04:00]} Kg8
{[%clk 1:06:46]} 48. Rag7+ {[%clk 0:03:35]} Kf8 {[%clk 1:07:01]} 49. Rxg6
{[%clk 0:03:34]} Rdd2 {[%clk 1:06:31]} 50. Rxh5 {[%clk 0:03:49]} Kf7
{[%clk 1:06:43]} 51. Rhh6 {[%clk 0:01:27]} d4 {[%clk 1:04:40]} 52. Rxe6
{[%clk 0:01:19]} d3 {[%clk 1:04:32]} 53. Rd6 {[%clk 0:01:16]} Rxa2
{[%clk 1:04:38]} 54. Rh7+ {[%clk 0:01:20]} Kg8 {[%clk 1:04:41]} 55. Rc7
{[%clk 0:00:53]} Rh2+ {[%clk 1:04:56]} 56. Kg4 {[%clk 0:01:15]} Ra8
{[%clk 1:05:21]} 57. Rxd3 {[%clk 0:01:35]} Kh8 {[%clk 1:05:40]} 58. Rd5
{[%clk 0:01:19]} Rg2 {[%clk 1:05:50]} 59. Rc3 {[%clk 0:01:13]} Rg8+
{[%clk 1:05:53]} 60. Rg5 {[%clk 0:01:25]} Re8 {[%clk 1:06:15]} 61. h5
{[%clk 0:01:09]} Re7 {[%clk 1:06:29]} 62. Kf5 {[%clk 0:00:37]} Kh7
{[%clk 1:06:29]} 63. Rc6 {[%clk 0:00:48]} Rd2 {[%clk 1:06:41]} 64. Kg4
{[%clk 0:00:55]} Rg2 {[%clk 1:06:50]} 65. Kh3 {[%clk 0:00:53]} Rg1
{[%clk 1:07:03]} 66. Rgc5 {[%clk 0:00:47]} Re3 {[%clk 1:07:13]} 67. Rg6
{[%clk 0:01:02]} Re7 {[%clk 1:07:19]} 68. Re5 {[%clk 0:01:01]} Ra7
{[%clk 1:07:18]} 69. Rge6 {[%clk 0:01:13]} Ra3 {[%clk 1:07:41]} 70. Re3
{[%clk 0:01:32]} Ra2 {[%clk 1:08:02]} 71. Kg4 {[%clk 0:01:44]} Rag2
{[%clk 1:07:38]} 72. Rb6 {[%clk 0:01:42]} Kg7 {[%clk 1:07:52]} 73. Rc3
{[%clk 0:01:40]}  1-0

[Event "Summer Prague Open 2022 - A"]
[Site "Olympik hotel, Sokolovska 138, Praha"]
[Date "2022.08.05"]
[Round "1"]
[Board "24"]
[White "Hozda, Max"]
[Black "Kundin, Alexander"]
[Result "1/2-1/2"]
[WhiteElo "1947"]
[BlackElo "2305"]
[PlyCount "0"]
[EventDate "2022.08.05"]
[EventRounds "9"]
[EventCountry "CZE"]

1. d4 {[%clk 1:30:57]} d5 {[%clk 1:30:57]} 2. c4 {[%clk 1:31:22]} c6
{[%clk 1:31:23]} 3. Nf3 {[%clk 1:31:46]} dxc4 {[%clk 1:30:28]} 4. e3
{[%clk 1:31:15]} b5 {[%clk 1:30:53]} 5. a4 {[%clk 1:30:21]} e6 {[%clk 1:31:08]}
6. axb5 {[%clk 1:26:09]} cxb5 {[%clk 1:31:36]} 7. b3 {[%clk 1:25:41]} Bb4+
{[%clk 1:32:02]} 8. Bd2 {[%clk 1:24:38]} Bxd2+ {[%clk 1:32:29]} 9. Nbxd2
{[%clk 1:19:03]} a5 {[%clk 1:32:52]} 10. bxc4 {[%clk 1:17:47]} b4
{[%clk 1:33:21]} 11. c5 {[%clk 1:15:43]} Nf6 {[%clk 1:33:12]} 12. Nc4
{[%clk 1:09:07]} O-O {[%clk 1:33:35]} 13. Bd3 {[%clk 1:06:07]} Nc6
{[%clk 1:22:05]} 14. Qc2 {[%clk 1:01:47]} Ba6 {[%clk 1:21:33]} 15. Nb6
{[%clk 0:58:11]} Bxd3 {[%clk 1:20:57]} 16. Qxd3 {[%clk 0:58:36]} Ra7
{[%clk 1:21:13]} 17. e4 {[%clk 0:53:41]} Nd7 {[%clk 1:17:06]} 18. Na4
{[%clk 0:51:24]} Nde5 {[%clk 1:10:04]} 19. Nxe5 {[%clk 0:49:15]} Nxe5
{[%clk 1:10:29]} 20. Qd2 {[%clk 0:43:55]} Nc6 {[%clk 0:36:56]} 21. O-O-O
{[%clk 0:38:48]} Rd7 {[%clk 0:36:51]} 22. d5 {[%clk 0:38:14]} exd5
{[%clk 0:36:57]} 23. exd5 {[%clk 0:34:29]} Qf6 {[%clk 0:37:05]} 24. Nb6
{[%clk 0:26:25]} Rdd8 {[%clk 0:20:41]} 25. Qb2 {[%clk 0:22:57]} Qe7
{[%clk 0:16:12]} 26. Qc2 {[%clk 0:17:33]} b3 {[%clk 0:15:40]} 27. Qc3
{[%clk 0:14:48]} Nb4 {[%clk 0:15:09]} 28. Kb2 {[%clk 0:14:14]} Qe2+
{[%clk 0:08:41]} 29. Rd2 {[%clk 0:13:12]} Qb5 {[%clk 0:09:08]}  1/2-1/2